000 00636nam a22002177a 4500
008 240706b mp ||||| |||| 00| 0 mon d
035 _a4018
040 _aBH0164090
_bmon
_cMN-UlNLM
_dMN-UlNLM
_erda
041 _amon
042 _a55669
084 _2NNA
_a84/2орос/
_bМ-263
100 _aМаркес Г.
245 0 _aАлдгадсан цагийн тэнгис
264 _aУлаанбаатар
_bМөнхийн үсэг ХХК
_c2007
300 _a100х.
336 _2rdacontent
_atext
_btxt
337 _2rdamedia
_aunmediated
_bn
338 _2rdacarrier
_avolume
_bnc
650 _aТууж
942 _2NNA
_cBK
999 _c1103409
_d1103466